Podaj wszystkich mistrzów konstruktorów F1 (1958-2021) - Statystyki

Ogólne statystyki
  • Ten quiz został rozwiązany 292 razy
  • Średni wynik to 50 z 64
Statystyki odpowiedzi
Hint Odpowiedź % Poprawnych
1961 Ferrari
99%
1964 Ferrari
99%
1975 Ferrari
99%
1976 Ferrari
99%
1977 Ferrari
99%
1979 Ferrari
99%
1982 Ferrari
99%
1983 Ferrari
99%
1999 Ferrari
99%
2000 Ferrari
99%
2001 Ferrari
99%
2002 Ferrari
99%
2003 Ferrari
99%
2004 Ferrari
99%
2007 Ferrari
99%
2008 Ferrari
99%
2014 Mercedes
99%
2015 Mercedes
99%
2016 Mercedes
99%
2017 Mercedes
99%
2018 Mercedes
99%
2019 Mercedes
99%
2020 Mercedes
99%
2021 Mercedes
99%
1974 McLaren
92%
1984 McLaren
92%
1985 McLaren
92%
1988 McLaren
92%
1989 McLaren
92%
1990 McLaren
92%
1991 McLaren
92%
1998 McLaren
92%
1980 Williams
86%
1981 Williams
86%
1986 Williams
86%
1987 Williams
86%
1992 Williams
86%
1993 Williams
86%
1994 Williams
86%
1996 Williams
86%
1997 Williams
86%
2005 Renault
82%
2006 Renault
82%
2009 Brawn
68%
2010 Red Bull Racing
67%
2011 Red Bull Racing
67%
2012 Red Bull Racing
67%
2013 Red Bull Racing
67%
1965 Lotus
65%
1968 Lotus
65%
1970 Lotus
65%
1972 Lotus
65%
1973 Lotus
65%
1978 Lotus
65%
1966 Brabham
50%
1967 Brabham
50%
1995 Benetton
48%
1971 Tyrrell
26%
1962 BRM
17%
1958 Vanwall
14%
1969 Matra
13%
1959 Cooper-Climax
2%
1960 Cooper-Climax
2%
1963 Lotus-Climax
2%
Nie znaleziono quizów pasujących do podanych kryteriów
Rozkład punktacji
Procent ludzi z każdym wynikiem
Percentyl według liczby udzielonych odpowiedzi
Twoja historia wyników
Nie rozwiązałeś tego quizu